| 000 | 00370nam a2200133Ia 4500 | ||
|---|---|---|---|
| 008 | 210430s9999 xx 000 0 und d | ||
| 020 | _a9780073375625 | ||
| 082 | _a547 S639O | ||
| 100 |
_aJanice Gorzynski Smith _910434 |
||
| 245 |
_aOrganic Chemistry 3rd Edition _cJanice Gorzynski Smith |
||
| 260 |
_aNew York _bMcGrawHill _c2011 |
||
| 300 | _a1178 | ||
| 942 |
_cBK _2ddc |
||
| 999 |
_c565110 _d565110 |
||